| 000 | 00000nam 2200000za 4500 |
| 001 | 9.604350 |
| 003 | CaOODSP |
| 005 | 20250828113436 |
| 007 | cr ||||||||||| |
| 008 | 150406|1998||||xxc|||||o f|0| 0 fre d |
| 022 | |a1205-9161 |
| 040 | |aCaOODSP|bfre |
| 043 | |an-cn--- |
| 086 | 1 |aCS11-0019/119F-PDF |
| 100 | 1 |aBaldwin, John R. |q(John Russel) |
| 245 | 00|aL'adoption de la technologie au Canada et aux États-Unis / |h[ressource électronique]|cpar John R. Baldwin et David Sabourin. |
| 260 | |aOttawa - Ontario : |bStatistique Canada |cAoût 1998. |
| 300 | |a44p.|bgraphiques, références, tableaux |
| 490 | 1 |aDocuments de recherche - Direction des études analytiques|x1205-9161|vN° 119 |
| 500 | |aLe n° de catalogue (11F0019MPF) et l'ISBN (0-660-96015-X) de l'édition imprimée ont été incorrectement copiés dans l'édition électronique. |
| 520 | 3 |aLes auteurs examinent en quoi l'usage de la technologie diffère au Canada et aux États-Unis, et les raisons d'une telle différence. L'étude aborde divers aspects de l'utilisation de la technologie--nombre et genre de technologies utilisées, variations dans leur utilisation sur le plan des régions, de la taille de l'entreprise et du secteur d'activité. Suit une analyse des avantages que procure le recours aux technologies de pointe selon les gestionnaires et des facteurs que les mêmes personnes estiment constituer des entraves. Bien que les gestionnaires d'entreprise des deux pays insistent généralement de manière semblable sur certains éléments de la liste des avantages perçus et des problèmes nuisant à l'adoption de la technologie, on note d'importantes fluctuations, sans doute à cause de la plus petite taille du marché canadien.--Résumé |
| 590 | |a12-35-Supp|b2012-08-09 |
| 710 | 2 |aStatistique Canada. |
| 775 | 08|tTechnology adoption : |w(CaOODSP)9.574609 |
| 776 | 0#|tL'adoption de la technologie au Canada et aux États-Unis / |w(CaOODSP)9.624799 |
| 830 | #0|aDocuments de recherche (Statistique Canada. Direction des études analytiques)|x1205-9161|vN° 119|w(CaOODSP)9.500842 |
| 856 | 40|ahttp://publications.gc.ca|qPDF|s188 Ko|uhttps://publications.gc.ca/collections/Collection/CS11-0019-119F.pdf|yN° 119 |